000 00790cam a22002531 4500
005 20260322212053.0
008 data
010 _a 67007309
040 _aDLC
_cDLC
_dDLC
050 0 0 _aPR6069.T46
_bGab
_aPR6069.T46
099 _aSTEWAM
100 1 _aStewart, Mary,
_d1916-
245 1 4 _aThe Gabriel hounds.
_cMary Stewart.
260 _aNew York,
_bM. S. Mill Co.; Distributed by Morrow,
_c1967.
300 _a320 p.
_c22 cm.
500 _a"Based on the accounts of the life of the Lady Hester Stanhope."
600 1 0 _aStanhope, Hester Lucy,
_cLady,
_d1776-1839
_xFiction.
650 0 _aBritish
_zMiddle East
_xFiction.
650 0 _aWomen travelers
_xFiction.
650 0 _aNobility
_xFiction.
651 0 _aMiddle East
_xFiction.
655 7 _aBiographical fiction.
_2gsafd
001 data
999 _c1273
_d1273